000 01511nam a2200337 c 4500
999 _c58790
_d58790
003 BLK
005 20200422135515.0
008 180408b bul|||||r ||||||| ||bul||
010 _aKNG00062857000
040 _aBLK
041 _aBUL
_cBUL
072 7 _2bullib
_aА
_xФонд Михаил Арнаудов
072 7 _2bullib
_aЯ
_xАвтографи
080 _aБългарска литература
_b821.163.2
_x-14
_z821.163.2-14
100 1 _aВазов, Иван Минчов
_eпърви автор
_9363396
139 _aВазов, Иван Минчов
_bВ 15
245 1 0 _aЛюлека ми замириса
_bЛирични стихотворения
_cИван Минчов Вазов.
257 _aBGR
260 _bСлънце
_c1919
_fСофия : Витоша
300 _a127 с., 1 л.
_bпортр.
_c23 см
380 _aX
490 1 _aСбирка Български писатели
_v2
490 _aЧастна колекция - Академик Михаил Арнаудов
_9396381
_gДарение - Основен фонд
500 _aФонд Михаил Арнаудов - датиране на кн. и автографа: 8. ХІІ. 919 ; Бележки и подчертавания в текста (инв. № 587448). - Твърда подв.
500 _aАвтограф с текст: Г-ну М. Арнаудову Авторът (инв. № 587448)
659 _aА
659 _aЯ
852 _aЦб 8.230.912
852 _aМА 515
_bМА
856 4 _qpdf
856 4 _qpdf
942 _cKNG
_n0
_s1
944 _aCR
_c25.01.2017
_kГеновева_Генчева
944 _aED
_c25.01.2017
_kГеновева_Генчева
999 _d58790
999 _d58790